Biggest Cities in the United States in 1830 - Statistics

General Stats
  • This quiz has been taken 8 times
  • The average score is 49 of 100
Answer Stats
Population State City % Correct
80,620 MD Baltimore
100%
61,392 MA Boston
100%
202,589 NY New York
100%
80,462 PA Philadelphia
100%
8,668 NY Buffalo
88%
10,953 NJ Newark
88%
16,060 VA Richmond
88%
18,826 DC Washington
88%
24,209 NY Albany
75%
6,857 CT Hartford
75%
46,082 LA New Orleans
75%
12,598 ME Portland
75%
16,833 RI Providence
75%
6,784 MA Springfield
75%
30,289 SC Charleston
63%
24,831 OH Cincinnati
63%
3,455 NJ Elizabeth
63%
4,427 MD Frederick
63%
8,441 DC Georgetown
63%
4,312 PA Harrisburg
63%
6,026 KY Lexington
63%
10,341 KY Louisville
63%
5,566 TN Nashville
63%
10,180 CT New Haven
63%
12,568 PA Pittsburgh
63%
9,207 NY Rochester
63%
13,895 MA Salem
63%
3,925 NJ Trenton
63%
5,529 RI Warwick
63%
6,628 DE Wilmington
63%
3,791 NC Wilmington
63%
8,41 VA Alexandria
50%
6,710 GA Augusta
50%
4,073 MA Beverly
50%
6,072 MA Cambridge
50%
3,720 NH Concord
50%
5,449 NH Dover
50%
7,510 MA Gloucester
50%
3,371 MD Hagerstown
50%
3,896 MA Haverhil
50%
13,394 PA Kensington
50%
7,704 PA Lancaster
50%
6,474 MA Lowell
50%
6,138 MA Lynn
50%
8,010 RI Newport
50%
9,814 VA Norfolk
50%
28,872 PA Northern Liberties
50%
3,559 MA Pittsfield
50%
8,026 NH Portsmouth
50%
5,856 PA Reading
50%
7,303 GA Savannah
50%
6,857 RI Smithfield
50%
4,977 MO St. Louis
50%
6,042 MA Taunton
50%
11,556 NY Troy
50%
8,323 NY Utica
50%
4,216 PA York
50%
4,530 MA Andover
38%
4,486 NY Auburn
38%
12,406 NY Brooklyn
38%
3,526 VT Burlington
38%
8,783 MA Charlestown
38%
3,851 RI Coventry
38%
3,675 RI Cumberland
38%
3,352 NJ Franklin
38%
3,801 CT Greenwich
38%
5,128 NJ Middletown
38%
7,202 MA Nantucket
38%
3,796 NC New Bern
38%
6,475 MA Newburyport
38%
4,335 CT New London
38%
3,503 RI North Providence
38%
3,972 CT Norwalk
38%
3,887 NJ Orange
38%
8,322 VA Petersburg
38%
4,758 MA Plymouth
38%
5,247 MA Roxbury
38%
4,268 NY Schenectady
38%
20,581 PA Southwark
38%
11,140 PA Spring Garden
38%
3,707 PA Carlisle
25%
4,311 CT Danbury
25%
4,228 MA Danvers
25%
4,074 MA Dorchester
25%
3,529 PA Easton
25%
4,239 NJ Evesham
25%
4,158 MA Fall River
25%
4,805 CT Groton
25%
5,392 NY Hudson
25%
4,630 VA Lynchburg
25%
5,149 MA Marblehead
25%
5,008 MA Middleborough
25%
6,822 PA Moyamensing
25%
7,592 MA New Bedford
25%
3,872 NJ South Amboy
25%
3,663 RI South Kingstown
25%
4,173 MA Worcester
25%
3,816 NH Gilmanton
13%
3,399 NJ Saddle Brook
13%
3,969 NJ Woodbirdge
0%
No matching quizzes found
Score Distribution
Percent of People with Each Score
Percentile by Number Answered
Your Score History
You have not taken this quiz